00343nam a2200121Ia 4500020001500000082001400015100002300029245007300052260004200125300000800167504003600175650001000211 a019521885X a297 GOR-I aGordon, Matthew S. 0aIslam: Origins, practices, holy texts, sacred persons, sacred places aOxfordbOxford University Pressc2002 a112 aincludes bibliography and index aIslam